LIBRARY & INFORMATION CENTRE, KCAET, TAVANUR

ONLINE PUBLIC ACCESS CATALOGUE (OPAC)

Solar energy: Fundamentals, Design, Modelling and Applications / (Record no. 12276)

MARC details
000 -LEADER
fixed length control field 00384cam a2200145ua 4500
020 ## - INTERNATIONAL STANDARD BOOK NUMBER
ISBN 9788184872774
082 ## - DEWEY DECIMAL CLASSIFICATION NUMBER
Classification number 621.47
Item number TIW/SO
100 ## - MAIN ENTRY--AUTHOR NAME
Personal name Tiwari, G.N .
245 ## - TITLE STATEMENT
Title Solar energy: Fundamentals, Design, Modelling and Applications /
250 ## - EDITION STATEMENT
Edition statement Rev
260 ## - PUBLICATION, DISTRIBUTION, ETC. (IMPRINT)
Place of publication Chennai :
Name of publisher Narosa Publishing House ,
Year of publication 2002.
300 ## - PHYSICAL DESCRIPTION
Number of Pages 525 ; .
500 ## - GENERAL NOTE
General note 20998 Ref
942 ## - ADDED ENTRY ELEMENTS (KOHA)
Koha item type Books
Holdings
Withdrawn status Lost status Damaged status Home library Current library Date acquired Full call number Accession Number Koha item type Collection code Shelving location Source of acquisition Cost, normal purchase price
      KAUAET KAUAET 07/04/2012 621.47 20998 Books        
      KAUAET KAUAET 10/06/2016 621.47 TIW/SO 24345 Books   General Stacks Cosmo Book House, Calicut 460.00
      KAUAET KAUAET 21/06/2016 621.47 TIW/SO 24642 Books   General Stacks Aman Book Stall Calicut 460.00
free website counter